Normal view
MARC view
Entry Personal Name
001 - CONTROL NUMBER
- control field: 15871
003 - CONTROL NUMBER IDENTIFIER
- control field: OSt
005 - DATE AND TIME OF LATEST TRANSACTION
- control field: 20120621163928.0
008 - FIXED-LENGTH DATA ELEMENTS
- fixed length control field: 120621|||a|||||| | ||| d
040 ## - CATALOGING SOURCE
- Original cataloging agency: OSt
- Transcribing agency: OSt
100 ## - HEADING--PERSONAL NAME
- Personal name: Adichie, Chimamanda Ngozi,
- Dates associated with a name: 1977-
670 ## - SOURCE DATA FOUND
- Source citation: Work cat.: (OSt)0: Adichie, Chimamanda Ngozi, 1977-, The thing around your neck /, 2009.
